000
00340 a2200157 4500
001
153118
040
_c
Escola São Tomás de Aquino
100
_a
BORGES, Márico
240
1
0
_a
Os 7 falcões
_l
por
245
1
0
_a
Os 7 falcões
300
_a
191
362
0
_a
2001
440
1
_a
Geração
697
_a
*LITERATURA JUVENIL
942
_c
BK
999
_c
153118
_d
153118